| 000 | 00557nam a2200241 a 4500 | ||
|---|---|---|---|
| 001 | nice12345678 | ||
| 003 | IN_TiNIC | ||
| 005 | 20260116011408.0 | ||
| 008 | 050524s1961 dela grp 000 0 urd | ||
| 020 |
_a _c4 |
||
| 082 | 0 | 0 |
_a297.1226 _bAHM |
| 100 | _aAhmad, Sayeed | ||
| 245 | _aFahm-E-Qur`an | ||
| 260 |
_aDelhi _bNadwatul Musannifeen _c1961 |
||
| 300 | _a200p. | ||
| 500 | _aincludes index and biblioraphy | ||
| 505 | 2 | _aindex | |
| 650 | _aQuran-Theology | ||
| 700 | 1 | _aAhmad, Sayeed | |
| 902 | _bSRS | ||
| 942 | _cBK | ||
| 999 |
_c1143 _d1143 |
||